01447nam a2200409 i 450000100060000000300090000600500170001500800390003201500170007104000280008804100080011604600090012408000120013308000150014510000380016024501160019826000340031430000400034833600270038833700540041533800280046938000160049738000230051338800140053638800140055049001180056450000200068250400240070265000230072665000250074965000370077465800310081165800280084270000450087083000240091585600980093923136KOSZ 00520200520145640.0981103s1985 pl a f |000 0 pol aPB 1986/7570 aWA NcWA NdKOSZ 005/HR0 apol k1985 a624.014 a519.61/.641 aKleiber, Michałd(1946- )eAutor10aLARSTRAN system nieliniowej analizy konstrukcji metodą elementów skończonych /cM. Kleiber, W. Sosnowski. aWarszawa :bIPPT. PAN,c1985. a69, [2] s. :brys., wykr. ;c21 cm. 2rdacontentaTekstbtxt 2rdamediaaBez urządzenia pośredniczącegobn 2rdacarrieraWoluminbnc aKsiążki aPublikacje naukowe a1901-2000 a1945-19891 aPrace IPPT / Instytut Podstawowych Problemów Techniki Polskiej Akademii Nauk =aIFTR Reports,x0208-5658 ;v47. aNa prawach rps. aBibliogr. s. 61-62. 4aAnaliza numeryczna 4aKonstrukcje metalowe 4aMetoda elementów skończonych aArchitektura i budownictwo aInżynieria i technika1 aSosnowski, Włodzimierzd(1948- )eAutor 0aPrace IPPTv47/1985 uhttp://koha.tu.koszalin.pl/cgi-bin/koha/opac-detail.pl?biblionumber=23136yKatalog online BPK